书目信息 |
| 题名: |
来自汶川大地震亲历者的第一手资料
|
|
| 作者: | 冯远 , 刘宜丰 著 ;中国建筑西南设计研究院有限公司(CSWADI) 著 | |
| 分册: | ||
| 出版信息: | 北京 中国建筑工业出版社 2009.04 |
|
| 页数: | 367页 | |
| 开本: | 29cm | |
| 丛书名: | ||
| 单 册: | ||
| 中图分类: | P316.271 | |
| 科图分类: | ||
| 主题词: | 地震灾害--di zhen zai hai--建筑结构--破坏分析--汶川县--2008 | |
| 电子资源: | ||
| ISBN: | 978-7-112-10809-1 | |
| 000 | 01561nam0 2200289 450 | |
| 001 | 012009521788 | |
| 005 | 20090924084143.45 | |
| 010 | @a978-7-112-10809-1@dCNY184.00 | |
| 100 | @a20090924d2009 em y0chiy0120 ea | |
| 101 | 0 | @achi@aeng |
| 102 | @aCN@b110000 | |
| 105 | @aak z 000yy | |
| 106 | @ar | |
| 200 | 1 | @a来自汶川大地震亲历者的第一手资料@Alai zi wen chuan da di zhen qin li zhe de di yi shou zi liao@e结构工程师的视界与思考@d= Experience the Wenchuan earthquake@estructural engineers' point and view@f中国建筑西南设计研究院有限公司(CSWADI) ... [等] 著@Fzhong guo jian zhu xi nan she ji yan jiu yuan you xian gong si(CSWADI)...[deng]zhu@zeng |
| 210 | @a北京@c中国建筑工业出版社@d2009.04 | |
| 215 | @a367页@c图@d29cm | |
| 304 | @a题名页题 : 中国建筑西南设计研究院有限公司(CSWADI), 冯远, 刘宜丰, 肖克艰等著 | |
| 330 | @a本书按建筑结构型式分类编著整理了砖混结构、框架结构、框架一剪力墙结构、高耸结构、厂房、网架等各类建筑结构的震损破坏情况,对砌体填充墙等围护结构、农村自建房、防震缝等震害。 | |
| 510 | 1 | @aExperience the Wenchuan earthquake@estructural engineers' point and view@zeng |
| 517 | 1 | @a结构工程师的视界与思考@Ajie gou gong cheng shi de shi jie yu si kao |
| 606 | 0 | @a地震灾害@Adi zhen zai hai@x建筑结构@x破坏分析@y汶川县@z2008 |
| 690 | @aP316.271@v4 | |
| 701 | 0 | @a冯远@Afeng yuan@4著 |
| 701 | 0 | @a刘宜丰@Aliu yi feng@4著 |
| 711 | 02 | @a中国建筑西南设计研究院有限公司(CSWADI)@Azhong guo jian zhu xi nan she ji yan jiu yuan you xian gong si(CSWADI)@4著 |
| 801 | 0 | @aCN@bQSSK@c20090924 |
| 905 | @b759134-35@dP316.271@eF535@f2 | |
| 来自汶川大地震亲历者的第一手资料:结构工程师的视界与思考= Experience the Wenchuan earthquake:structural engineers' point and view/中国建筑西南设计研究院有限公司(CSWADI) ... [等] 著.-北京:中国建筑工业出版社,2009.04 |
| 367页:图;29cm |
| ISBN 978-7-112-10809-1:CNY184.00 |
| 本书按建筑结构型式分类编著整理了砖混结构、框架结构、框架一剪力墙结构、高耸结构、厂房、网架等各类建筑结构的震损破坏情况,对砌体填充墙等围护结构、农村自建房、防震缝等震害。 |
| ● |
| 相关链接 |
|
|
|
正题名:来自汶川大地震亲历者的第一手资料
索取号:P316.271/F535
 
预约/预借
| 序号 | 登录号 | 条形码 | 馆藏地/架位号 | 状态 | 备注 |
| 1 | 759134 | 207591346 | 期刊室512/401自科库 120排1列6层/ [索取号:P316.271/F535] | 在馆 | |
| 2 | 759135 | 207591355 | 自科库401/401自科库 126排2列4层/ [索取号:P316.271/F535] | 在馆 |